| 000 | 00666nam a2200205 i 4500 | ||
|---|---|---|---|
| 001 | 89594 | ||
| 003 | ES-MaACL | ||
| 005 | 20230906180228.0 | ||
| 007 | t| | ||
| 008 | 050111s1932 fr ||||1| fre d | ||
| 100 | 1 |
_aLavanchy, Ch. _970689 |
|
| 245 | 1 | 0 |
_aÉtude et construction des lignes électriques aériennes / _cpar Ch. Lavanchy. |
| 260 |
_aParis : _bJ.-B. Baillière et fils, 1932, _c1932. |
||
| 300 |
_a728 p. : _bil. ; _c24 cm. |
||
| 490 | 1 | _aEncyclopédie d'électricité industrielle | |
| 650 | 0 | 4 |
_aLíneas eléctricas. _914461 |
| 830 | 0 |
_aEncyclopédie d'électricité industrielle _9184122 |
|
| 852 |
_aES-MaACL _jA-2493 |
||
| 999 |
_c89594 _d89594 |
||